The road from Damascus : (Registro nro. 21315)
[ vista simple ]
| 000 -LEADER | |
|---|---|
| campo de control de longitud fija | 01982cam a22003134i 4500 |
| 003 - IDENTIFICADOR DE NÚMERO DE CONTROL | |
| campo de control | PE-LiUPU |
| 005 - FECHA Y HORA DE LA ÚLTIMA TRANSACCIÓN | |
| campo de control | 20250808120526.0 |
| 008 - DATOS DE LONGITUD FIJA--INFORMACIÓN GENERAL | |
| campo de control de longitud fija | 1997s1997 miu||||r ||| ||eng d |
| 020 ## - NÚMERO INTERNACIONAL ESTÁNDAR DEL LIBRO | |
| Número Internacional Estándar del Libro | 0802841910 |
| 035 ## - NÚMERO DE CONTROL DEL SISTEMA | |
| Número de control de sistema | PE-LiUPU48136 |
| 040 ## - FUENTE DE CATALOGACIÓN | |
| Centro catalogador/agencia de origen | PE-LiUPU |
| Lengua de catalogación | eng |
| Centro/agencia transcriptor | PE-LiUPU |
| Normas de descripción | rda |
| 082 04 - NÚMERO DE LA CLASIFICACIÓN DECIMAL DEWEY | |
| Número de clasificación | 225.92 |
| Cutter | L852r |
| Número de edición | 20 |
| 245 14 - MENCIÓN DEL TÍTULO | |
| Título | The road from Damascus : |
| Resto del título | the impact of Paul's conversion on his life, thought, and ministry / |
| Mención de responsabilidad, etc. | editado por Richard N. Longenecker. |
| 264 #1 - PRODUCCIÓN, PUBLICACIÓN, DISTRIBUCIÓN, FABRICACIÓN Y COPYRIGHT | |
| Producción, publicación, distribución, fabricación y copyright | Grand Rapids, Michigan ; |
| -- | Cambridge, U.K. : |
| Nombre del de productor, editor, distribuidor, fabricante | Wm. B. Eerdmans Publishing Company, |
| Fecha de producción, publicación, distribución, fabricación o copyright | 1997. |
| 300 ## - DESCRIPCIÓN FÍSICA | |
| Extensión | 253 páginas ; |
| Dimensiones | 23 cm. |
| 336 ## - TIPO DE CONTENIDO | |
| Término de tipo de contenido | text |
| Fuente | rdacontent |
| 337 ## - TIPO DE MEDIO | |
| Nombre/término del tipo de medio | unmediated |
| Fuente | rdamedia |
| 338 ## - TIPO DE SOPORTE | |
| Nombre/término del tipo de soporte | volume |
| Fuente | rdacarrier |
| 490 0# - MENCIÓN DE SERIE | |
| Mención de serie | McMaster New Testament Studies |
| 504 ## - NOTA DE BIBLIOGRAFÍA, ETC. | |
| Nota de bibliografía, etc. | Incluye referencias bibliográficas e índices. |
| 505 0# - NOTA DE CONTENIDO CON FORMATO | |
| Nota de contenido con formato | Interpreting Paul’s conversion — Then and now -- A realized hope, a new commitment, and a developed proclamation: Paul and Jesus -- A new understanding of the present and the future: Paul and eschatology -- Israelite, Convert, Apostle to the Gentiles: The origin of Paul’s Gentile mission -- Paul and justification by faith -- God reconcilied his enemy to himself: The origin of Paul’s concept of reconciliation -- Contours of covenant theology in the post-conversion Paul -- Sinai as viewed from Damascus: Paul’s reevaluation of the Mosaic Law -- Paul’s conversion as key to his understanding of the Spirit -- Paul on women and gender: A comparasion with Early Jewish Views -- Paul’s conversion and his ethic of freedom in Galatians. |
| 600 #0 - PUNTO DE ACCESO ADICIONAL DE MATERIA--NOMBRE DE PERSONA | |
| Nombre de persona | Pablo, |
| Títulos y otros términos asociados al nombre | Apóstol, |
| Subdivisión general | Conversión |
| Subdivisión de forma | Congresos. |
| 9 (RLIN) | 6473 |
| 650 #0 - PUNTO DE ACCESO ADICIONAL DE MATERIA--TÉRMINO DE MATERIA | |
| Término de materia o nombre geográfico como elemento de entrada | Conversión |
| 9 (RLIN) | 1302 |
| 700 ## - ENTRADA AGREGADA--NOMBRE PERSONAL | |
| Nombre de persona | Longenecker, Richard N., |
| Término indicativo de función/relación | editor. |
| 9 (RLIN) | 6402 |
| 710 ## - ENTRADA AGREGADA--NOMBRE DE ENTIDAD CORPORATIVA | |
| Nombre de entidad corporativa o nombre de jurisdicción como elemento de entrada | Wm. B. Eerdmans Publishing Company, |
| Término indicativo de función/relación | editor. |
| 9 (RLIN) | 6413 |
| 856 40 - LOCALIZACIÓN Y ACCESO ELECTRÓNICOS | |
| Identificador Uniforme de Recursos | <a href="https://www.eerdmans.com/9780802841919/the-road-from-damascus/">https://www.eerdmans.com/9780802841919/the-road-from-damascus/</a> |
| Nota pública | Acceso en línea a información editorial. |
| 942 ## - ELEMENTOS DE ENTRADA SECUNDARIOS (KOHA) | |
| Fuente del sistema de clasificación o colocación | Clasificación Decimal Dewey |
| Tipo de ítem Koha | Libros físicos |
| 980 ## - EQUIVALENCIA O REFERENCIA-CRUZADA-MENCIÓN DE SERIE--NOMBRE DE PERSONA/TÍTULO [LOCAL, CANADÁ] | |
| ID del último usuario que modificó el registro | 18226 |
| Nombre del último usuario que modificó el registro | Jaime Vilcazán Jefe de Análisis Documental |
| Visto por última vez | Número de inventario | Total de préstamos | Signatura topográfica completa | Código de barras | Copia número | Fecha de reemplazo | Facultad | Tipo de ítem Koha | Nota pública | Estado de pérdida | Fuente del sistema de clasificación o colocación | Restricciones de uso | No para préstamo | Colección | Programa académico | Biblioteca de origen | Biblioteca actual | Ubicación en estantería | Fecha de adquisición | Fuente de adquisición |
|---|---|---|---|---|---|---|---|---|---|---|---|---|---|---|---|---|---|---|---|---|
| 2025-12-02 | 5 | 225.92 L852r | 44438 | e1 | 2015-06-24 | Teología | Libros físicos | inventario-2023-12-13 | No Perdido | Clasificación Decimal Dewey | No restringido | Disponible para préstamos | Colección General | Teología | Biblioteca CRAI UPeU Lima | Biblioteca CRAI UPeU Lima | Sala principal | 2015-06-24 | COMPRA |